LEADER 01397nas 2200505-a 450 001 996199306203316 005 20230227213019.0 011 $a1827-9643 035 $a(OCoLC)240897280 035 $a(CKB)1000000000226925 035 $a(CONSER)--2009252838 035 $a(DE-599)ZDB2268077-9 035 $a(MiAaPQ)226560 035 $a(EXLCZ)991000000000226925 100 $a20080807a20069999 s-- - 101 0 $aita 135 $aur||||||||||| 181 $ctxt$2rdacontent 182 $cc$2rdamedia 183 $acr$2rdacarrier 200 00$aActa herpetologica 210 $aFirenze $cFirenze University Press 300 $aRefereed/Peer-reviewed 311 $a1827-9635 517 1 $aAH 531 $aACTA HERPETOL 531 1 $aActa herpetol. 606 $aHerpetology$vPeriodicals 606 $aAmphibians$vPeriodicals 606 $aReptiles$vPeriodicals 606 $aAmphibians$2fast$3(OCoLC)fst00807900 606 $aHerpetology$2fast$3(OCoLC)fst00955655 606 $aReptiles$2fast$3(OCoLC)fst01095020 608 $aPeriodicals.$2fast 615 0$aHerpetology 615 0$aAmphibians 615 0$aReptiles 615 7$aAmphibians. 615 7$aHerpetology. 615 7$aReptiles. 712 02$aSocietas herpetologica italica. 906 $aJOURNAL 912 $a996199306203316 996 $aActa herpetologica$92293171 997 $aUNISA LEADER 01169nas 2200385 c 450 001 9910894112203321 005 20260218110211.0 035 $a(CKB)5280000000198978 035 $a(DE-599)ZDB2738545-0 035 $a(OCoLC)861236423 035 $a(DE-101)1043231625 035 $a(DE-599)2738545-0 035 $a(EXLCZ)995280000000198978 100 $a20131022b19031917 |y | 101 0 $aeng 135 $aur||||||||||| 181 $ctxt$2rdacontent 182 $cc$2rdamedia 183 $acr$2rdacarrier 200 00$aInternational catalogue of scientific literature$hG$iMineralogy including petrology and crystallography$fRoyal Society of London 210 31$aLondon$d1903-1917 215 $aOnline-Ressource 300 $aGesehen am 24.10.13 300 $aRepr.: New York, NY : Johnson 517 1 $aInternational catalogue of scientific literature / G 608 $aZeitschrift$2gnd-content 676 $a550 712 02$aRoyal Society$4isb 801 0$b0018 801 1$bDE-101 801 2$b9999 906 $aJOURNAL 912 $a9910894112203321 996 $aInternational catalogue of scientific literature$94236822 997 $aUNINA